000 00403nam a2200169Ia 4500
008 221220s9999 xx 000 0 und d
020 _a978-93-8854-852-6
041 _aEnglish
100 _aR. Lal
245 4 _aThe Law of Evidence 27th Ed
_cby R. Lal, D. Lal
250 _a27th
260 _bLexis Nexis
_aHaryana
_c2022
300 _a776
650 _aLaw
700 _aD. Lal
942 _2DDC
_cBK
999 _c19135
_d19135